Traitment des données statistiques: méthodes et programmes
Gespeichert in:
| Hauptverfasser: | , , |
|---|---|
| Format: | Buch |
| Sprache: | Französisch |
| Veröffentlicht: |
París
Dunod
1982
|
| Ausgabe: | 2a. ed |
| Schlagworte: | |
| Tags: |
Tag hinzufügen
Keine Tags, Fügen Sie den ersten Tag hinzu!
|
MARC
| LEADER | 00000nam a2200000 a 4500 | ||
|---|---|---|---|
| 001 | UCP1034 | ||
| 003 | CL-VaPUC | ||
| 008 | 990326e19820000FR |||||||||||||||||fre|d | ||
| 082 | 0 | 4 | |a 519.5 |b LEB |2 21 |
| 100 | |a Lebart, Ludovic |e author |9 426768 | ||
| 700 | 0 | |a Morineau, Alain |e author |9 426769 | |
| 700 | 0 | |a Fénelon, Jean-Pierre |e author |9 426770 | |
| 245 | 1 | 0 | |a Traitment des données statistiques: méthodes et programmes |
| 250 | |a 2a. ed | ||
| 300 | |a 510 p | ||
| 942 | |c BK | ||
| 945 | |d 19990326 00:00:00 |a crobeson | ||
| 260 | |a París |b Dunod |c 1982 | ||
| 650 | 0 | |a Estadística matemática |9 260028 | |
| 650 | 0 | |a Variables aleatorias |9 270745 | |
| 650 | 0 | |a Teoría de probabilidades |9 336944 | |
| 650 | 0 | |a Análisis de varianza |9 336938 | |
| 650 | 0 | |a Análisis de covarianza |9 354464 | |
| 583 | |a last modification |c 19990326 00:00:00 |k Rodrigo Vera | ||
| 999 | |c 279753 |d 279751 | ||
| 952 | |0 0 |1 0 |4 0 |6 519_500000000000000_LEB_1982 |7 0 |8 A |9 319530 |a BIBGIM |b BIBGIM |d 2019-11-20 |i 1333542 |o 519.5 LEB 1982 |p 1333542 |r 2025-01-15 |w 2019-11-20 |y BK |k EST | ||